MDQL
is popping MORE tags! Check the
thread
!
Quizzes
Events
Quiz Creation
Community
Videos
Private Events
Remove Ads
Sign In
Join for FREE
Feedback
Dark Mode
Quiz Categories
Sports
Geography
Music
Movies
Television
Just For Fun
Miscellaneous
History
Literature
Language
Science
Gaming
Entertainment
Religion
Holiday
For Kids
Quiz Lab
Recent
Popular Today
Quiz Kudos Today
Editor Picks
Curator Picks
Quizzes by...
Day
Popularity
Type
Ratings
Length
Year
Community
Subscriptions
Recent Discussions
Orange Saloon
Badges
Playlists
Quests
Create
Leaderboards
Showdown
Live 5
Trivia Bingo
Activity
Puzzle Library
Sporcle Events
Private Events
Virtual Trivia
Globe League
Become a Host
Pub Owners
SporcleCon
Opinionation
Our Games
Videos
Blog
Mobile Apps
Partnerships
Remove Ads and Go Orange
Feedback
Sports
Athletes
MLB
NBA
NHL
NFL
Soccer
Sports Teams
WWE
NCAA
Football
Premier League
Basketball
Baseball
Hockey
Golf
Tennis
Cricket
Rugby
Auto Racing
Olympics
World Cup
Sports
Athletes
MLB
NBA
NHL
NFL
Soccer
Sports Teams
WWE
NCAA
Football
Premier League
Basketball
Baseball
Hockey
Golf
Tennis
Cricket
Rugby
Auto Racing
Olympics
World Cup
Random Quiz
Search Sporcle
×
Quiz Lab
Quiz Lab
Sports
Tennis
Type in answers that appear in a list
Type in answers that appear in a list
Classic
Best Score? Go Orange.
Men's Tennis Slam Singles Champions (Open Era) Stats
Can you name the Men's Tennis Slam Singles Champions (Open Era)?
By
beard58
7m
51 Questions
313 Plays
313 Plays
313 Plays
Comments
Comments
Give Quiz Kudos
Give Quiz Kudos
-
- Ratings
hide this ad
Replay
Link that replays current quiz
Next Quiz
Link to next quiz in quiz playlist
You Got
0%
They Got
Avg Score
80%
Avg Friend Score
Upgrade to see
Score Distribution
Jump to the score distribution portion of the page
Score
0/51
Timer
07:00
0
Plays Today
Country
Player
% Correct
United States
Andre Agassi
98.7%
Germany/
West Germany
Boris Becker
97.8%
Switzerland
Roger Federer
97.4%
Sweden
Björn Borg
97.4%
Spain
Rafael Nadal
97.1%
United States
Pete Sampras
96.8%
Serbia
Novak Djokovic
96.5%
United States
John McEnroe
94.9%
Australia
Lleyton Hewitt
94.2%
Czechoslovakia
Ivan Lendl
93.6%
United States
Jimmy Connors
92.7%
Sweden
Stefan Edberg
92.3%
Russia
Marat Safin
90.4%
Brazil
Gustavo Kuerten
89.8%
Australia
Rod Laver
89.8%
United States
Jim Courier
88.8%
Sweden
Mats Wilander
88.8%
Argentina
Juan Martín del Potro
87.2%
United States
Andy Roddick
87.2%
Romania
Ilie Năstase
87.2%
Croatia
Goran Ivanišević
86.9%
Australia
John Newcombe
85%
United States
Michael Chang
84.7%
Australia
Patrick Rafter
83.7%
United States
Arthur Ashe
83.4%
Spain
Juan Carlos Ferrero
82.7%
Country
Player
% Correct
Spain
Carlos Moyá
81.8%
The Netherlands
Richard Krajicek
81.2%
Russia
Yevgeny Kafelnikov
80.2%
Austria
Thomas Muster
79.9%
Germany
Michael Stich
79.6%
Australia
Pat Cash
76.7%
France
Yannick Noah
76.4%
Argentina
Guillermo Vilas
76.4%
Sweden
Thomas Johansson
76%
Argentina
Gastón Gaudio
75.4%
Spain
Albert Costa
74.4%
United States
Stan Smith
73.8%
Spain
Sergi Bruguera
72.5%
Australia
Ken Rosewall
70.9%
Czech Republic
Petr Korda
70.6%
Ecuador
Andrés Gómez
68.1%
Spain
Manuel Orantes
61.7%
Czechoslovakia
Jan Kodeš
60.7%
South Africa
Johan Kriek
60.1%
United States
Vitas Gerulaitis
59.7%
United States
Roscoe Tanner
59.4%
United States
Brian Teacher
56.9%
Australia
Mark Edmondson
56.9%
Italy
Adriano Panatta
56.2%
Spain
Andrés Gimeno
48.2%
Quiz Playlist
Details
Report
Send in Message
Add To Playlist
Classic:
Type in answers that appear in a list
Last Updated: Feb 16, 2017
Quiz Scoreboard
CHALLENGE
Sign Up to Join the Scoreboard
Show All
Scores
Hide
Comments
May contain spoilers
Recently Published
1-10 Letter E Words III
by El_Dandy
Language
2m
Street Fighter Characters
by Artimus82
Gaming
60s
College Basketball Coaching Resumes
by pancakes188
Sports
9m
More to Explore
Quiz From the Vault
Featured Blog Post
Where Did the Easter Bunny Come From?
hide this ad
You Might Also Like...
Tags
Tennis Quiz
ATP
champion
open
Player
Winner
Today's Top Quizzes in Sports
Browse Sports
hide this ad
Today's Top Quizzes in Tennis
Browse Tennis
Top Contributed Quizzes in Sports
1
2022 World Cup Stars
2
Les meilleurs buteurs des matchs entre le PSG et l’OM
3
FIFA Club World Cup Champions
4
Les entraîneurs de l'OM et du PSG au 21e siècle
5
Criteria MLB: Left Handed Sluggers
6
2023 MLB Unique Player Accomplishments
7
AFC Teams Reveal (Wrong Answers Minefield)
8
Players with Multiple 50 Home Run Seasons
9
5-to-1: FBS Animal Nicknames
10
5-to-1: UK Sports Teams
Explore More
Trending Topics
NBA
Disney
Kpop
Anime
Harry Potter
Crossword
Marvel
Soccer
Country
Puzzle
NFL
Song
WWE
The Office
Pokémon
hide this ad
More By:
beard58
Quiz
Plays
Rating
Category
Featured
Created
Men's Tennis Slam Singles Champions (Open Era)
313
Sports
Jul 21, 2011
Women's Tennis Slam Singles Winners
250
Sports
Jul 22, 2011
Go to Creator's Profile
Score Distribution
Quiz Creator Spotlight
beard58
Follow
Send a Message
Quizzes Created
-
Created Quiz Play Count
-
More By This Creator
Popular Quizzes Today
1
Find the US States - No Outlines Minefield
2
Find the Countries of Europe - No Outlines Minefield
3
The Countries of the World
4
Find the US States
5
Risky Map Clicking: Biggest States A-Z
6
US States
7
Popular People in 1961
8
Movies - When Are They Set?
More Sports Quizzes
2022 FIFA World Cup Captains Crossword
Quiz Lab
Trending Quizzes
Risky Map Clicking: Least Populous States A-Z
Billboard Blitz: Aretha Franklin
Famous Russians: Author or Composer?
1-10 Letter G Words
Countries of the World: 200 Million BC
Recently Updated
Leaping Animals
pecheneg
Reality TV Shows (A-Z)
bhenderson79
Rickey Henderson's Hall of Fame Teammates
pecheneg
Champions League XIs: Arsenal
pecheneg
Quick Pick: Celebrities in WWE's Hall of Fame
aduchscher
A-Z Keypad Blitz II
pecheneg
Multiple Oscar Actors
pecheneg
Mystery Phrase Blitz: Oscar 'Best Actors'
pecheneg
F. Scott Fitzgerald Novels
LTH
Pick 3 Villains
ddd62291
Trending Topics
Anime
Disney
Marvel
NBA
Crossword
Harry Potter
Kpop
Soccer
Puzzle
NFL
WWE
Country
Song
The Office
Pokémon
Your Account Isn't Verified!
In order to create a playlist on Sporcle, you need to verify the email address you used during registration. Go to your
Sporcle Settings
to finish the process.
Report this User
Report this user for behavior that violates our
Community Guidelines
.
Details:
Send Report
Go to the Sporcle.com Mobile Site →
Comments